000 00585nam a2200217Ia 4500
005 20250108124810.0
008 008 250107s9999 xx 000 0 eng d
037 _aTB
040 _aCRL
_beng
_cCRL
041 _aeng
_2eng
084 _aO168v225 P3
084 _qCRL
100 _aDavidson John Au.
_9729862
245 0 _aTreasury of mystic terms
_cDavidson John Au.
260 _aPunjab, India
_bJ.C.Sethi Secretary
_c2234
365 _aINR
_b80
490 _vPart 1 Vol. 1
650 _aSPIRITUALISM
942 _cTB
_hO168v225 P3
999 _c1234622
_d1234622